000 00481nam a2200169Ia 4500
008 090711s9999 xx 000 0 und d
082 _b26610
100 _aकालेलकर मधुसूदन
245 _aअमgतवेल
260 _c1972
300 _a87
600 _aकालेलकर मधुसूदन
630 _aअमgतवेल
700 _aकालेलकर मधुसूदन
730 _aअमgतवेल
942 _cBOOK
999 _c305889
_d305889